| 000 | 00988nam0a22002411 4500 | ||
|---|---|---|---|
| 001 | rc\2798079 | ||
| 005 | 20250529173529.0 | ||
| 035 | _a(NLR Aleph) 006924114 | ||
| 090 |
_a7478521 _c7478521 |
||
| 100 | _a20110915d1936 |||y0rusy50 ca | ||
| 101 | 0 | _arus | |
| 102 | _aRU | ||
| 105 | _aace z ||||| | ||
| 200 | 1 |
_aЛесные мастера _eОпыт работы лесорубческой поточной стахановской бригады Михаила Шестакова _fТекст Ан. Двинского |
|
| 210 |
_aАрхангельск _cСевкрайгиз _d1936 _eВологда _gтип. "Сев. печатник" |
||
| 215 |
_aСуп.-обл., переплет, 104 с., 1 вкл. л. портр. _cил. _d22х18 см. |
||
| 300 | _aНа обороте тит. л.: "Текст Ан. Двинского" | ||
| 702 | 1 |
_aДвинский _bАн. _4570 |
|
| 801 | 0 |
_aRU _bNLR _gpsbo |
|
| 801 | 1 |
_aRU _bELAR _2rusmarc |
|
| 852 |
_aNLR _j36-4/766 |
||
| 942 | _cBOOK | ||
| 980 | _aNB | ||